000 00848 a2200193 4500
003 NUST
005 20251125125446.0
040 _cNust
082 _a621.382,FAI
100 _aFaiz, PC Saad Ur Rehman (TE-45/TCC-20)
_9132061
245 _aAbabeel UAV Design and implementation of a quadrotor unmanned aerial vehicle with mine detection and surveillance capability /
_cPC Saad Ur Rehman Faiz,NC Amna .Capt Rashid. Capt Umer khalid
260 _aRawalpindi
_bMCS,NUST
_c2012
300 _axi,62 p.;
505 _aIntroduction (Page-1), Metal Detector (Page-36), The Hatch (Page-43), Wireless Camera (Page-45), Goals Achieved (Page-46), Application (Page-49), Future Work (Page-55), References (Page-57).
650 _aUG Project
_9131132
651 _aTE-45/TCC-20
700 _aSupervised by Dr. Adil Masood Siddiqui
_9132063
942 _cPR
_2ddc
999 _c190677
_d190677